| 000 | 01563nam0a22003131 4500 | ||
|---|---|---|---|
| 001 | rc\266837 | ||
| 005 | 20260407131742.0 | ||
| 010 |
_a5-7196-0041-8 _91000 |
||
| 035 | _a(NLR Aleph) 005473136 | ||
| 090 |
_a5065377 _c5065377 |
||
| 100 | _a20030307d1993 |||y0rusy50 ca | ||
| 101 | 0 | _arus | |
| 102 | _aRU | ||
| 105 | _aa ||||||||| | ||
| 200 | 1 |
_aРУССКАЯ провинция. Культура XVIII-XX веков _e[Сб. ст. по материалам первой респ. науч. конф. по изуч. провинц. культуры _fРед.-сост. В.Ю. Афиани и др. _gРедкол.: ... С.В. Шмидт (отв. ред.)] |
|
| 210 |
_aМ. _cРИК _d1993 |
||
| 215 |
_a133 с. _cцв. ил. _d29 |
||
| 300 | _aВ надзаг.: М-во культуры и туризма Рос. Федерации, Рос. акад. наук. Рос. ин-т культурологии, Археогр. комис. Рос. АН, Союз краеведов России | ||
| 300 | _aРез на англ. яз. | ||
| 320 | _aБиблиогр. в конце ст. | ||
| 320 | _aС авт. отв. ред. | ||
| 702 | 1 |
_aАфиани _bВ.Ю. _gВиталий Юрьевич _4340 |
|
| 702 | 1 |
_4340 _8rus _7ca _aШмидт _bС. О. _cисторик _f1922-2013 _gСигурд Оттович _3RU\NLR\AUTH\7714980 _9124642 |
|
| 712 | 0 | 2 |
_aРоссийский институт культурологии _3RU\NLR\AUTH\889987690 _9471000 |
| 801 | 0 |
_aRU _bNLR _gpsbo |
|
| 801 | 1 |
_aRU _bELAR _2rusmarc |
|
| 852 |
_aNLR _j94-8/558 |
||
| 942 | _cBOOK | ||
| 980 | _aNB | ||